01923nam a22002657a 4500003000900000005001700009008004100026040001300067245015400080250001100234260004300245300001800288490002600306520049600332942001200828999001700840952010000857952010000957952010001057952010001157952010001257952010001357952010001457952010001557IT-RoPau20220918181106.0130522b xxu||||| |||| 00| 0 eng d cIT-RoPau aSpirito santo, agente principale dell'evangelizzazione - Atti degli ApostolibItinerario spirituale FSP e SSSP - Provincia italiana - anno 1997-1998  a1° ed aRomabFSP e SSP Casa Provincialec1997 a71 pp.c21 cm aItinerario spirituale aIndice Alle sorelle...e ai fratelli... Premessa all'Itinerario Atti degli Apostoli - Introduzione generale 1° giorno: Attesa e venuta dello Spirito 2° giorno: Spirito santo e vita della Chiesa 3° giorno: L'annuncio della Parola nella forza dello Spirito Struttura letteraria-tematica degli Atti 4° giorno: Lo Spirito santo costruisce la Chiesa 5° giorno: Lo Spirito santo e la missione cristiana 6° giorno: Paolo evangelizza e esorta 7° giorno: Paolo prigioniero testimone di Cristo  2ddccBK c98579d98579 00102ddc406P_D271aPAULUSbPAULUSd2013-05-22l0oP D2r2013-05-22 00:00:00w2013-05-22yBK 00102ddc406P_D271aPAULUSbPAULUSd2013-05-22l0oP D2r2013-05-22 00:00:00w2013-05-22yBK 00102ddc406P_D271aPAULUSbPAULUSd2013-05-22l0oP D2r2013-05-22 00:00:00w2013-05-22yBK 00102ddc406P_D271aPAULUSbPAULUSd2013-05-22l0oP D2r2013-05-22 00:00:00w2013-05-22yBK 00102ddc406P_D271aPAULUSbPAULUSd2013-05-22l0oP D2r2013-05-22 00:00:00w2013-05-22yBK 00102ddc406P_D271aPAULUSbPAULUSd2013-05-22l0oP D2r2013-05-22 00:00:00w2013-05-22yBK 00102ddc406P_D271aPAULUSbPAULUSd2013-05-22l0oP D2r2013-05-22 00:00:00w2013-05-22yBK 00102ddc406P_D271aPAULUSbPAULUSd2013-05-22l0oP D2r2013-05-22 00:00:00w2013-05-22yBK